Library Banner

Hamdard Islamicus/ (Record no. 94609)

MARC details
000 -LEADER
fixed length control field 00338nam a22001337a 4500
005 - DATE AND TIME OF LATEST TRANSACTION
control field 20180301111217.0
008 - FIXED-LENGTH DATA ELEMENTS--GENERAL INFORMATION
fixed length control field 170613b xxu||||| |||| 00| 0 eng d
040 ## - CATALOGING SOURCE
Transcribing agency PK-LaUMT
082 ## - DEWEY DECIMAL CLASSIFICATION NUMBER
Classification number ZIAC 297.05
Item number HAM-
245 ## - TITLE STATEMENT
Title Hamdard Islamicus/
260 ## - PUBLICATION, DISTRIBUTION, ETC. (IMPRINT)
Place of publication, distribution, etc Karachi:
Name of publisher, distributor, etc The Hamdard National Foundation,
Date of publication, distribution, etc 1979
300 ## - PHYSICAL DESCRIPTION
Extent 109 p.
942 ## - ADDED ENTRY ELEMENTS (KOHA)
Koha item type Books
Holdings
Withdrawn status Lost status Damaged status Home library Current library Date acquired Full call number Barcode Date last seen Copy number Price effective from Koha item type
      UMT Main Campus UMT Main Campus 2017-06-13 ZIAC 297.05 HAM- 110224 2017-06-13 V-2 2017-06-13 Books
      UMT Main Campus UMT Main Campus 2017-06-13 ZIAC 297.05 HAM- 110225 2017-06-13 V-3 2017-06-13 Books
      UMT Main Campus UMT Main Campus 2017-06-13 ZIAC 297.05 HAM- 110226 2017-06-13 V-4 2017-06-13 Books
      UMT Main Campus UMT Main Campus 2017-06-13 ZIAC 297.05 HAM- 110227 2017-06-13 V-5 2017-06-13 Books
      UMT Main Campus UMT Main Campus 2017-06-13 ZIAC 297.05 HAM- 110228 2017-06-13 V-6 2017-06-13 Books
      UMT Main Campus UMT Main Campus 2017-06-13 ZIAC 297.05 HAM- 110229 2017-06-13 V-7 2017-06-13 Books
      UMT Main Campus UMT Main Campus 2017-06-13 ZIAC 297.05 HAM- 110230 2017-06-13 V-8 2017-06-13 Books
      UMT Main Campus UMT Main Campus 2017-06-13 ZIAC 297.05 HAM- 110231 2017-06-13 V-9 2017-06-13 Books
      UMT Main Campus UMT Main Campus 2017-06-13 ZIAC 297.05 HAM- 110232 2017-06-13 V-12 2017-06-13 Books
      UMT Main Campus UMT Main Campus 2017-06-13 ZIAC 297.05 HAM- 110233 2017-06-13 V-13 2017-06-13 Books
      UMT Main Campus UMT Main Campus 2017-06-13 ZIAC 297.05 HAM- 110234 2017-06-13 V-15 2017-06-13 Books
      UMT Main Campus UMT Main Campus 2017-06-13 ZIAC 297.05 HAM- 110235 2017-06-13 V-16 2017-06-13 Books
      UMT Main Campus UMT Main Campus 2017-06-13 ZIAC 297.05 HAM- 110239 2017-06-13 V-14 2017-06-13 Books
      UMT Main Campus UMT Main Campus 2017-06-13 ZIAC 297.05 HAM- 110236 2017-06-13 V-17 2017-06-13 Books
      UMT Main Campus UMT Main Campus 2017-06-13 ZIAC 297.05 HAM- 110237 2017-06-13 V-18 2017-06-13 Books